| 000 | 00558nam a22001097a 4500 | ||
|---|---|---|---|
| 008 | 110627t xxu||||| |||| 00| 0 eng d | ||
| 010 | _aHCMAF108 | ||
| 245 | _aHigh Court Misc. Application (LAND DIVISION) Misc. Application No. 953 OF 2007 (Arising from C.S. No. 930 OF 2001) Nsangiranabo Erasmus t/a Nsangira Auctioneers & Court Bailiffs Vs M/S Associated Properties LTD and 2 others | ||
| 260 | _c2007 | ||
| 500 | _aBefore: HON. MR. JUSTICE RUBBY AWERI OPIO | ||
| 999 |
_c4108 _d4108 |
||